Principles of macro economics (Record no. 1415)

MARC details
000 -LEADER
fixed length control field 00531cam a2200193ua 4500
008 - FIXED-LENGTH DATA ELEMENTS--GENERAL INFORMATION
fixed length control field 110711n ii |||gr||||Z||||||eng
040 ## - CATALOGING SOURCE
Transcribing agency MAIN
082 ## - DEWEY DECIMAL CLASSIFICATION NUMBER
Classification number 339.01
100 1# - MAIN ENTRY--PERSONAL NAME
Personal name Rangaranjan, C.,
Relator term
245 1# - TITLE STATEMENT
Title Principles of macro economics
Statement of responsibility, etc. by C. Rangarajan
250 ## - EDITION STATEMENT
Edition statement 3rd.
260 ## - PUBLICATION, DISTRIBUTION, ETC.
Place of publication, distribution, etc. New Delhi:
Name of publisher, distributor, etc. Tata mcgraw-hill publishing comapny ltd,986.
300 ## - PHYSICAL DESCRIPTION
Extent xi; 223p:
Dimensions 25cm.
700 ## - ADDED ENTRY--PERSONAL NAME
Personal name Dholakia, B. H.,
Relator term
942 ## - ADDED ENTRY ELEMENTS (KOHA)
Koha item type Books
653 ## - INDEX TERM--UNCONTROLLED
Uncontrolled term Economics
653 ## - INDEX TERM--UNCONTROLLED
Uncontrolled term principles of macro economics
Holdings
Withdrawn status Lost status Damaged status Not for loan Home library Current library Shelving location Date acquired Total Checkouts Full call number Barcode Date last seen Copy number Price effective from Koha item type
        Central Library, Naharkatiya College Central Library, Naharkatiya College General Stacks 19/09/2020   339.01 | DHO 2261 19/09/2020 1 19/09/2020 Books

Naharkatiya College © 2020. All rights reserved.

Powered By